000 00694cam a22002533a 4500
001 780
003 PGUSA
005 20140828082952.0
008 970101s1997||||xxu|||||s|||||000 1 eng d
040 _aPGUSA
_beng
042 _adc
050 4 _aPR
100 1 _aWells, H. G.
_q(Herbert George),
_d1866-1946
245 1 4 _aThe War in the Air
_h[electronic resource] /
_cH. G. Wells
260 _bProject Gutenberg,
_c1997
506 _aPublic domain in the USA.
516 _aElectronic text
653 _aScience fiction
653 _aAir warfare -- Fiction
653 _aWar stories
830 0 _aProject Gutenberg
_v780
856 4 0 _uhttp://www.gutenberg.org/ebooks/780
942 _cEB
999 _c230131
_d230131